[Event "Kieler Open 2015 Gruppe B"]
[Site "Kiel"]
[Date "2015.07.26"]
[Round "3.11"]
[White "Lehmkau, Steffen"]
[Black "Hartendauer, Frank"]
[Result "1/2-1/2"]
[WhiteElo "1715"]
[BlackElo "1413"]
[PlyCount "33"]
[EventDate "2015.??.??"]
[WhiteTeam "Mülheim-Nord"]
[BlackTeam "Kieler SG"]

1. d4 d5 2. c4 e6 3. Nf3 Nf6 4. Nc3 Be7 5. Bg5 O-O 6. e3 h6 7. Bh4 dxc4 8. Bxc4
a6 9. a4 Nbd7 10. O-O Nb6 11. Bb3 c6 12. Qe2 Nbd5 13. h3 Bd7 14. Bg3 Rc8 15.
Rac1 Re8 16. Rfd1 Nxc3 17. bxc3 1/2-1/2

[Event "Kieler Open 2015 Gruppe B"]
[Site "Kiel"]
[Date "2015.07.26"]
[Round "3.12"]
[White "Kaminski, Thorsten"]
[Black "Kreutz, Ralf"]
[Result "0-1"]
[WhiteElo "1300"]
[BlackElo "1686"]
[PlyCount "62"]
[EventDate "2015.??.??"]
[WhiteTeam "Schellhorn"]
[BlackTeam "Königsjäger SW Berlin"]

1. e4 e5 2. Nf3 Nc6 3. Bb5 Nf6 4. Bxc6 dxc6 5. d3 Bd6 6. h3 Be6 7. Nc3 Nd7 8.
Be3 c5 9. b3 a6 10. O-O Qf6 11. Bg5 Qg6 12. Qd2 h6 13. Bh4 Bxh3 14. Bg3 Be6 15.
Nh4 Qf6 16. Nd5 Bxd5 17. exd5 g5 18. Nf3 O-O-O 19. c4 Qe7 20. Rfe1 f6 21. Qc3
Qh7 22. Re2 h5 23. Rae1 h4 24. Bxe5 Nxe5 25. Rxe5 Bxe5 26. Rxe5 fxe5 27. Qxe5
Rde8 28. Qxg5 Reg8 29. Qe5 h3 30. d6 hxg2 31. d7+ Qxd7 0-1

[Event "Kieler Open 2015 Gruppe B"]
[Site "Kiel"]
[Date "2015.07.26"]
[Round "3.13"]
[White "Borchert, Johann"]
[Black "Korte, Andreas"]
[Result "0-1"]
[WhiteElo "1630"]
[BlackElo "1354"]
[PlyCount "35"]
[EventDate "2015.??.??"]
[WhiteTeam "Heikendorfer SV"]
[BlackTeam "Raisdorfer SG"]

1. e4 c5 2. Bc4 e6 3. Nc3 Ne7 4. a3 d5 5. exd5 Nxd5 6. Qf3 Nxc3 7. Qxc3 b6 8.
Bb5+ Bd7 9. Qf3 Bxb5 10. Qxa8 Bc6 11. Qxa7 Bxg2 12. d3 Bxh1 13. f3 Nc6 14. Qa4
Kd7 15. Bf4 Qh4+ 16. Kd2 Bd6 17. Ne2 Bxf3 18. Qa6 0-1

[Event "Kieler Open 2015 Gruppe B"]
[Site "Kiel"]
[Date "2015.07.26"]
[Round "3.14"]
[White "Serbin, Alexander"]
[Black "Farokhi, Keyvan"]
[Result "1-0"]
[WhiteElo "1517"]
[BlackElo "1283"]
[PlyCount "74"]
[EventDate "2015.??.??"]
[WhiteTeam "Kieler SG"]
[BlackTeam "Doppelbauer Kiel"]

1. e4 e6 2. Nc3 d5 3. d4 dxe4 4. Nxe4 Nd7 5. Nf3 Ngf6 6. Bd3 Nxe4 7. Bxe4 Nf6
8. Bd3 b6 9. Bg5 Be7 10. Ne5 O-O 11. Nc6 Qd6 12. Qf3 Bd7 13. Nxe7+ Qxe7 14.
O-O-O Rfc8 15. Ba6 Rd8 16. Rhe1 c6 17. d5 cxd5 18. Rxd5 h6 19. Bxf6 Qxf6 20.
Rxd7 Qg5+ 21. Kb1 Rxd7 22. Qxa8+ Rd8 23. Qxa7 Qa5 24. Rf1 Qh5 25. a3 Qxh2 26.
Qxb6 Qh4 27. Bd3 g6 28. a4 Rd7 29. a5 Qe7 30. a6 Kg7 31. b4 e5 32. Qc5 Qe6 33.
a7 Rd8 34. Bc4 Qe8 35. b5 Qd7 36. b6 Qa4 37. Qc7 Rd1+ {Dieser Zug beruht auf
der Annahme das der Bauer auf c2 nicht vorhanden ist. Hier bricht die korrekte
Notation ab. Es folgte dann: 38. Rxd1 Qxd1+ 39. Kb2 Qd4+ 40. Kb3 Qf4 41. b7}
1-0

[Event "Kieler Open 2015 Gruppe B"]
[Site "Kiel"]
[Date "2015.07.26"]
[Round "3.17"]
[White "Pöschmann, Jaro"]
[Black "Pick, Max"]
[Result "1/2-1/2"]
[WhiteElo "1666"]
[BlackElo "840"]
[PlyCount "97"]
[EventDate "2015.??.??"]
[WhiteTeam "Bad Schwartau"]
[BlackTeam "Kerpen"]

1. d4 e6 2. c4 c5 3. Nf3 Nf6 4. Bg5 cxd4 5. Nxd4 d5 6. cxd5 exd5 7. Nc3 Bb4 8.
Qa4+ Nc6 9. Nxc6 Bxc3+ 10. bxc3 bxc6 11. Qxc6+ Bd7 12. Bxf6 Bxc6 13. Bxd8 Rxd8
14. e3 Ke7 15. Bd3 h6 16. Ke2 g5 17. Rab1 Rb8 18. Rb4 Ke6 19. Rhb1 Rxb4 20.
Rxb4 a5 21. Rb6 Kd7 22. Bb5 Bxb5+ 23. Rxb5 Rc8 24. Rxd5+ Ke6 25. Rxa5 Rxc3 26.
Kd2 Rc4 27. a4 Rg4 28. g3 Rb4 29. Ra8 Kf5 30. a5 Rb2+ 31. Kc3 Rxf2 32. a6 Rxh2
33. Rb8 Ra2 34. Rb6 Ke5 35. Kb3 Ra1 36. Kc4 h5 37. Kc5 h4 38. gxh4 gxh4 39. Kc6
h3 40. Rb5+ Ke4 41. Kb7 Kf3 42. a7 h2 43. Rh5 Kg2 44. a8=Q Rxa8 45. Kxa8 h1=Q
46. Rxh1 Kxh1 47. Kb7 Kg2 48. Kc6 Kf3 49. Kd5 1/2-1/2

[Event "Kieler Open 2015 Gruppe B"]
[Site "Kiel"]
[Date "2015.07.26"]
[Round "3.18"]
[White "Petersen, Kay"]
[Black "Hogreve, Holger"]
[Result "1/2-1/2"]
[WhiteElo "1758"]
[BlackElo "1514"]
[PlyCount "121"]
[EventDate "2015.??.??"]
[WhiteTeam "Heikendorfer SV"]
[BlackTeam "Eckernförder SC"]

1. e4 d5 2. exd5 Qxd5 3. Nc3 Qa5 4. Bb5+ c6 5. Ba4 Nf6 6. d3 Bg4 7. f3 Bh5 8.
Bd2 Qc7 9. Nge2 e6 10. Bf4 Qb6 11. Bb3 Nbd7 12. Bg3 Be7 13. Bf2 Qc7 14. O-O Bd6
15. Bg3 Bxg3 16. Nxg3 Bg6 17. Kh1 O-O-O 18. a4 a6 19. a5 h5 20. Nge4 Nxe4 21.
fxe4 Nf6 22. h3 Bxe4 23. Nxe4 Nxe4 24. Rf3 Rh6 25. Qe1 Nf6 26. Qf2 Kb8 27. Rg3
Rg8 28. Rf3 Rg6 29. c3 Rf8 30. Bd1 Ne8 31. Re3 Rf6 32. Rf3 Rxf3 33. Bxf3 g6 34.
b4 Ng7 35. g3 Nf5 36. Kg2 Rh8 37. h4 Rd8 38. Rd1 Nd6 39. d4 f5 40. Qe2 Re8 41.
c4 Nf7 42. d5 Qe5 43. Re1 exd5 44. cxd5 Qxe2+ 45. Bxe2 cxd5 46. Kf2 Nd8 47. Ra1
d4 48. b5 axb5 49. Bxb5 Re5 50. Be2 Ka7 51. Ra4 Ne6 52. a6 b6 53. Rc4 Rc5 54.
Rb4 Rc2 55. Ke1 Rc3 56. Kf2 d3 57. Bd1 Rc1 58. Ke1 Nc5 59. Kd2 Ra1 60. Rb2 Rxa6
61. Bf3 1/2-1/2

[Event "Kieler Open 2015 Gruppe B"]
[Site "Kiel"]
[Date "2015.07.26"]
[Round "3.20"]
[White "Brockmann, Werner"]
[Black "Wichmann, Gerd"]
[Result "0-1"]
[WhiteElo "1360"]
[BlackElo "1689"]
[PlyCount "82"]
[EventDate "2015.??.??"]
[WhiteTeam "Kieler SG"]
[BlackTeam "VHS Rendsburg"]

1. e4 e6 2. d4 d5 3. Nc3 dxe4 4. Nxe4 Nd7 5. Nf3 Ngf6 6. Bg5 Be7 7. Bc4 Nxe4 8.
Be3 O-O 9. Qd3 Nef6 10. h3 b6 11. O-O-O Bb7 12. Qe2 Qe8 13. g4 Ne4 14. Bd3 c5
15. Bf4 Nef6 16. Rh2 Bxf3 17. Qxf3 cxd4 18. g5 Nd5 19. Bd2 Ne5 20. Qg3 Nxd3+
21. Qxd3 Bd6 22. Rhh1 Bf4 23. Qxd4 Bxd2+ 24. Rxd2 Qe7 25. h4 Qb4 26. Qe5 Qf4
27. Qe2 Rac8 28. Kb1 Rc7 29. Rd3 Qb4 30. Qd2 Rfc8 31. Rc1 Qxh4 32. b3 Rc3 33.
Kb2 Rxd3 34. cxd3 Rxc1 35. Qxc1 Qxf2+ 36. Kb1 Qc5 37. Qh1 g6 38. Qf1 Ne3 39.
Qf2 Qxg5 40. Qd2 Qg1+ 41. Kb2 Qg2 0-1

[Event "Kieler Open 2015 Gruppe B"]
[Site "Kiel"]
[Date "2015.07.26"]
[Round "3.21"]
[White "Westphal-Stubbe, Siegbert"]
[Black "Mc Donald, Margret"]
[Result "1-0"]
[WhiteElo "1822"]
[BlackElo "1279"]
[PlyCount "63"]
[EventDate "2015.??.??"]
[WhiteTeam "SG Plöner See"]
[BlackTeam "Tour Blanche Paris"]

1. d4 d5 2. c4 dxc4 3. e4 Nf6 4. f3 e6 5. Bxc4 c5 6. d5 exd5 7. exd5 Bd6 8. Ne2
O-O 9. O-O Nbd7 10. Nbc3 Nb6 11. Bb3 c4 12. Bc2 Nbxd5 13. Bg5 Nxc3 14. Nxc3 h6
15. Bh4 g5 16. Bf2 Qc7 17. g3 a6 18. Nd5 Nxd5 19. Qxd5 Be6 20. Qe4 f5 21. Qxe6+
Kg7 22. Bd4+ Kh7 23. Bxf5+ Rxf5 24. Qxf5+ Kg8 25. f4 Qf7 26. Qxf7+ Kxf7 27.
fxg5+ Kg8 28. gxh6 Kh7 29. Rae1 Bb4 30. Re6 Rd8 31. Rf7+ Kg8 32. Rg7+ 1-0

[Event "Kieler Open 2015 Gruppe B"]
[Site "Kiel"]
[Date "2015.07.26"]
[Round "3.22"]
[White "Dao, Joerg"]
[Black "Feldmann, Wolfgang"]
[Result "1/2-1/2"]
[WhiteElo "1465"]
[BlackElo "1715"]
[PlyCount "60"]
[EventDate "2015.??.??"]
[WhiteTeam "vereinslos"]
[BlackTeam "Heikendorfer SV"]

1. a4 e5 2. e4 Nf6 3. f3 Nc6 4. c3 d5 5. d3 Be6 6. g4 Be7 7. Be3 dxe4 8. dxe4
Qxd1+ 9. Kxd1 O-O-O+ 10. Kc2 Rd7 11. b4 b6 12. Ba6+ Kb8 13. h3 Rhd8 14. Ne2 Ne8
15. Ng3 Nd6 16. Nd2 b5 17. Nf5 Nc4 18. Nxc4 Bxc4 19. Nxg7 Rd3 20. Nf5 Bf8 21.
Bg5 R8d7 22. Ne3 Rd2+ 23. Kc1 Rf2 24. Nxc4 bxc4 25. Bxc4 Rxf3 26. Kb2 f6 27.
Bc1 Rf2+ 28. Kb3 Rf3 29. Kc2 Rf2+ 30. Kb1 Rf3 1/2-1/2

[Event "Kieler Open 2015 Gruppe B"]
[Site "Kiel"]
[Date "2015.07.26"]
[Round "3.23"]
[White "Dambrowski, Ralf"]
[Black "Howe, Dietrich"]
[Result "1-0"]
[WhiteElo "1335"]
[BlackElo "1667"]
[PlyCount "61"]
[EventDate "2015.??.??"]
[WhiteTeam "Agon NMS"]
[BlackTeam "Kaltenkirchen"]

1. d4 Nf6 2. Nf3 e6 3. c4 c5 4. d5 exd5 5. cxd5 d6 6. Nc3 g6 7. e4 Bg7 8. Bf4
a6 9. a4 O-O 10. Be2 Re8 11. e5 dxe5 12. Bxe5 Nbd7 13. Bg3 Nh5 14. O-O Nxg3 15.
fxg3 Nf6 16. Bc4 Ng4 17. Qb3 Ne3 18. Rfe1 Nxc4 19. Qxc4 Bd7 20. Qxc5 Rc8 21.
Rxe8+ Bxe8 22. Qe3 Bf8 23. Rd1 Bc5 24. Nd4 Qb6 25. Rd2 Bd7 26. Ne4 Bxd4 27.
Qxd4 Qxd4+ 28. Rxd4 Rc2 29. Rd2 Rxd2 30. Nxd2 Bxa4 31. Ne4 {Partieformulare
nicht mehr lesbar für mich !} 1-0

[Event "Kieler Open 2015 Gruppe B"]
[Site "Kiel"]
[Date "2015.07.26"]
[Round "3.24"]
[White "Herrmann, Sabine"]
[Black "Bunke, Mike"]
[Result "0-1"]
[WhiteElo "1588"]
[BlackElo "1453"]
[PlyCount "117"]
[EventDate "2015.??.??"]
[WhiteTeam "SF Hamburg"]
[BlackTeam "Schleswiger SV"]

1. e4 c5 2. c3 Nc6 3. d3 g6 4. Be2 Bg7 5. Bf3 d6 6. Ne2 Nf6 7. Ng3 O-O 8. O-O
Be6 9. Be3 Qd7 10. Bg5 h6 11. Bxf6 Bxf6 12. Qd2 Kg7 13. Ne2 Ne5 14. c4 Bh3 15.
Ng3 Nxf3+ 16. gxf3 Bxf1 17. Nxf1 Bd4 18. Nc3 a6 19. Ng3 e6 20. Kh1 f5 21. Rg1
fxe4 22. Ncxe4 Kh7 23. Qe2 Qf7 24. Kg2 Qf4 25. b3 Rae8 26. a4 d5 27. Nd2 Rf7
28. cxd5 Rfe7 29. d6 Qxd6 30. Nge4 Qc7 31. Nc4 Rd8 32. Kh1 Rd5 33. Ne3 Rh5 34.
Ng3 Re5 35. f4 Rd5 36. Nxd5 exd5 37. Qg4 Rg7 38. f5 Qf7 39. fxg6+ Rxg6 40. Qf5
Qxf5 41. Nxf5 Bxf2 42. Rxg6 Kxg6 43. Ne7+ Kf6 44. Nxd5+ Ke5 45. Ne7 Be3 46. Kg2
Bg5 47. Nc8 Kd4 48. Nd6 b6 49. Nc8 Bd8 50. Nd6 Kxd3 51. Nf7 Bg5 52. Ne5+ Kc3
53. Nd7 Kxb3 54. Nxb6 c4 55. Nxc4 Kxc4 56. Kf1 Kb4 57. Ke2 Kxa4 58. Kd1 Kb3 59.
h4 0-1

[Event "Kieler Open 2015 Gruppe B"]
[Site "Kiel"]
[Date "2015.07.26"]
[Round "4.2"]
[White "Schmieder, Kerstin"]
[Black "Arndt, Magnus"]
[Result "0-1"]
[WhiteElo "1700"]
[BlackElo "1587"]
[PlyCount "80"]
[EventDate "2015.??.??"]
[WhiteTeam "Rodewischer Schachmiezen"]
[BlackTeam "Doppelbauer Kiel"]

1. d4 Nf6 2. Nc3 d5 3. Bg5 e6 4. e4 dxe4 5. Bxf6 Qxf6 6. Nxe4 Qd8 7. Nf3 Nd7 8.
Bb5 Be7 9. c3 a6 10. Ba4 b5 11. Bc2 Bb7 12. Qd3 c5 13. O-O cxd4 14. Nxd4 Nc5
15. Nxc5 Bxc5 16. Rad1 Bxd4 17. Qxd4 Qxd4 18. Rxd4 Ke7 19. Rfd1 Rad8 20. f3 g6
21. Kf2 Rxd4 22. Rxd4 Rd8 23. Ke3 Rxd4 24. cxd4 Kd6 25. Be4 Bd5 26. b3 a5 27.
Bd3 a4 28. bxa4 bxa4 29. a3 Bc6 30. Bc4 f6 31. Kd3 g5 32. Kc3 f5 33. Bd3 h5 34.
h3 h4 35. Bb1 g4 36. hxg4 fxg4 37. Be4 Bxe4 38. fxe4 h3 39. g3 h2 40. e5+ Kd5
0-1

[Event "Kieler Open 2015 Gruppe B"]
[Site "Kiel"]
[Date "2015.07.26"]
[Round "4.3"]
[White "Untiedt, Urs Arved"]
[Black "Weck, Uwe"]
[Result "1-0"]
[WhiteElo "1501"]
[BlackElo "1697"]
[PlyCount "35"]
[EventDate "2015.??.??"]
[WhiteTeam "Agon NMS"]
[BlackTeam "Kaltenkirchen"]

1. c4 c5 2. Nf3 Nc6 3. d4 cxd4 4. Nxd4 Nf6 5. Nc3 e6 6. g3 Bb4 7. Bg2 O-O 8.
O-O Ne5 9. Qb3 Bc5 10. Be3 Nfg4 11. Nxe6 fxe6 12. Bxc5 d6 13. Rad1 Nxh2 14.
Kxh2 Rf5 15. Bxd6 Ng4+ 16. Kg1 Qg5 17. Bh3 Bd7 18. Qxb7 1-0

[Event "Kieler Open 2015 Gruppe B"]
[Site "Kiel"]
[Date "2015.07.26"]
[Round "4.4"]
[White "Lange, Edgar"]
[Black "Sowa, Kay"]
[Result "1/2-1/2"]
[WhiteElo "1599"]
[BlackElo "1689"]
[PlyCount "48"]
[EventDate "2015.??.??"]
[WhiteTeam "Kieler SG"]
[BlackTeam "Doppelbauer Kiel"]

1. e4 c6 2. d4 d5 3. e5 Bf5 4. Nf3 e6 5. Bd3 Bxd3 6. Qxd3 Nd7 7. O-O Qb6 8. Nc3
c5 9. Na4 Qb4 10. b3 cxd4 11. Bd2 Qe7 12. Qxd4 g6 13. Bg5 f6 14. exf6 Ngxf6 15.
Rad1 Bg7 16. Qd3 O-O 17. Rfe1 Qd6 18. Qe3 Rae8 19. h3 b5 20. Nc3 a6 21. Bxf6
Bxf6 22. Ne4 Qb6 23. Qxb6 Nxb6 24. Nxf6+ Rxf6 1/2-1/2

[Event "Kieler Open 2015 Gruppe B"]
[Site "Kiel"]
[Date "2015.07.26"]
[Round "4.5"]
[White "Kathage, Holger"]
[Black "Salwasser, Christian"]
[Result "0-1"]
[WhiteElo "1650"]
[BlackElo "1772"]
[PlyCount "30"]
[EventDate "2015.??.??"]
[WhiteTeam "Kiel"]
[BlackTeam "SC Rastatt"]

1. d4 d5 2. e3 e6 3. Bd3 c5 4. c3 c4 5. Bc2 Nf6 6. Nd2 Bd6 7. Ngf3 O-O 8. Qe2
b5 9. e4 dxe4 10. Nxe4 Bb7 11. Bg5 Be7 12. O-O Nxe4 13. Bxe7 Nxc3 14. Bxh7+
Kxh7 15. bxc3 Qxe7 0-1

[Event "Kieler Open 2015 Gruppe B"]
[Site "Kiel"]
[Date "2015.07.26"]
[Round "4.6"]
[White "Wichmann, Gerd"]
[Black "Serbin, Alexander"]
[Result "1/2-1/2"]
[WhiteElo "1689"]
[BlackElo "1517"]
[PlyCount "139"]
[EventDate "2015.??.??"]
[WhiteTeam "VHS Rendsburg"]
[BlackTeam "Kieler SG"]

1. c4 Nf6 2. d4 g6 3. Nf3 Bg7 4. e3 O-O 5. Nc3 d6 6. Be2 Nbd7 7. O-O Re8 8. Qc2
e5 9. dxe5 Nxe5 10. Nxe5 Rxe5 11. Bd2 Qe7 12. Rad1 c6 13. Bc1 Ne4 14. Nxe4 Rxe4
15. Bf3 Re5 16. b3 Rf5 17. Bb2 Rxf3 18. gxf3 Bh3 19. f4 Qe6 20. f3 Bxf1 21.
Rxf1 Qxe3+ 22. Rf2 Qxf4 23. Bc1 Qd4 24. Kg2 Qc5 25. Re2 Bf6 26. Bh6 Bg5 27.
Bxg5 Qxg5+ 28. Kf2 Qf4 29. Kg2 h5 30. Re4 Qf5 31. Qe2 Kf8 32. Qe3 Qf6 33. Qd2
Kg7 34. Qe2 h4 35. Rg4 Rh8 36. Qd2 Rh5 37. Qf2 Rg5 38. Qxh4 Rxg4+ 39. Qxg4 Qb2+
40. Kg3 Qxa2 41. Qd4+ Kh7 42. Qf6 Kg8 43. Qxd6 Qxb3 44. Qd8+ Kg7 45. Qd4+ Kh7
46. Qh4+ Kg7 47. Qd4+ Kf8 48. Qd8+ Kg7 49. Qd4+ {Dreifache
Stellungswiederholung} f6 50. Qd7+ Kf8 51. Qd8+ Kf7 52. Qd7+ Kg8 53. Qe6+ Kh7
54. Qh3+ Kg7 55. Qd7+ Kf8 56. Qd8+ Kf7 57. Qd7+ Kg8 58. Qe6+ Kf8 59. Qxf6+ Ke8
60. Qxg6+ Kd7 61. Qf7+ Kc8 62. Qe8+ Kc7 63. Qf7+ Kb8 64. Qe8+ Kc7 65. Qf7+ Kd8
66. Qf6+ Ke8 67. Qe6+ Kd8 68. Qd6+ Kc8 69. Qe6+ Kc7 70. Qf7+ 1/2-1/2

[Event "Kieler Open 2015 Gruppe B"]
[Site "Kiel"]
[Date "2015.07.26"]
[Round "4.7"]
[White "Kreutz, Ralf"]
[Black "Birkholz, Frank"]
[Result "1-0"]
[WhiteElo "1686"]
[BlackElo "1571"]
[PlyCount "47"]
[EventDate "2015.??.??"]
[WhiteTeam "Königsjäger SW Berlin"]
[BlackTeam "Kieler SG"]

1. e4 c6 2. Nc3 d5 3. exd5 cxd5 4. d4 Nc6 5. Bf4 Nf6 6. Nb5 e5 7. dxe5 Ne4 8.
e6 Bb4+ 9. c3 Ba5 10. exf7+ Kxf7 11. f3 Nf6 12. Bg5 Re8+ 13. Be2 a6 14. Nd4
Nxd4 15. Qxd4 Bb6 16. Qd3 Be6 17. O-O-O Rc8 18. Be3 Bxe3+ 19. Qxe3 Qa5 20. a3
Qa4 21. Qd4 Qb3 22. Bd3 Qa2 23. Ne2 Qa1+ 24. Kc2 1-0

[Event "Kieler Open 2015 Gruppe B"]
[Site "Kiel"]
[Date "2015.07.26"]
[Round "4.8"]
[White "Draasch, Heiko"]
[Black "Steffen, Jörn"]
[Result "1/2-1/2"]
[WhiteElo "1618"]
[BlackElo "1682"]
[PlyCount "49"]
[EventDate "2015.??.??"]
[WhiteTeam "SG Turm Kiel"]
[BlackTeam "Flintbek"]

1. f4 Nf6 2. b3 b6 3. Nf3 Bb7 4. e3 d5 5. Bb2 e6 6. Be2 Be7 7. O-O O-O 8. Ne5
Nbd7 9. d3 Bc5 10. d4 Be7 11. Nd2 Rc8 12. Bd3 c5 13. Ndf3 cxd4 14. exd4 Ne4 15.
c4 dxc4 16. Bxc4 Ndf6 17. Ng5 Nxg5 18. fxg5 Nd5 19. Qe2 Bxg5 20. Rad1 Ne3 21.
Ba3 Nxd1 22. Bxf8 Be3+ 23. Kh1 Nf2+ 24. Rxf2 Bxf2 25. Qxf2 1/2-1/2

[Event "Kieler Open 2015 Gruppe B"]
[Site "Kiel"]
[Date "2015.07.26"]
[Round "4.9"]
[White "Zielke, Bernd"]
[Black "Kaiser, Johannes"]
[Result "0-1"]
[WhiteElo "1662"]
[BlackElo "1631"]
[PlyCount "98"]
[EventDate "2015.??.??"]
[WhiteTeam "TuS Holtenau"]
[BlackTeam "SG Kiel-Ost"]

1. c4 e5 2. Nc3 Nf6 3. e3 Nc6 4. b3 Bb4 5. Bb2 O-O 6. a3 Bxc3 7. Bxc3 d5 8.
cxd5 Nxd5 9. Bb2 a6 10. Nf3 Re8 11. Be2 h6 12. O-O Bf5 13. d3 Bh7 14. b4 Qe7
15. Qb3 Rad8 16. Rfd1 Kh8 17. Rd2 Qe6 18. Ne1 Nf4 19. Qxe6 Nxe2+ 20. Rxe2 Rxe6
21. Rd2 Red6 22. Rad1 f6 23. d4 exd4 24. Bxd4 Nxd4 25. Rxd4 Rxd4 26. Rxd4 Rxd4
27. exd4 Kg8 28. Kf1 Kf7 29. Ke2 Ke6 30. Kd2 Kd5 31. Kc3 g5 32. f3 Kc6 33. a4
Bg6 34. g3 Bh5 35. h4 Kd5 36. hxg5 fxg5 37. g4 Be8 38. a5 Bb5 39. Ng2 Be2 40.
f4 Ke4 41. fxg5 hxg5 42. Ne1 Ke3 43. Nc2+ Kf2 44. d5 Bxg4 45. Kd4 Bd7 46. Ne3
g4 47. Ke4 g3 48. Nd1+ Ke2 49. Ne3 Bh3 0-1

[Event "Kieler Open 2015 Gruppe B"]
[Site "Kiel"]
[Date "2015.07.26"]
[Round "4.10"]
[White "Korte, Andreas"]
[Black "Kreutz, Jonas"]
[Result "0-1"]
[WhiteElo "1354"]
[BlackElo "1659"]
[PlyCount "128"]
[EventDate "2015.??.??"]
[WhiteTeam "Raisdorfer SG"]
[BlackTeam "Königsjäger SW Berlin"]

1. e4 e6 2. d4 d5 3. exd5 exd5 4. h3 Bd6 5. Nf3 Nf6 6. Bd3 O-O 7. O-O Nc6 8. c3
Ne7 9. Qc2 Ng6 10. Bxg6 fxg6 11. Bg5 c6 12. Nbd2 Bf5 13. Qd1 h6 14. Bxf6 gxf6
15. Nb3 g5 16. Nfd2 Bg6 17. Re1 Re8 18. Rxe8+ Qxe8 19. Qf1 Qd7 20. Re1 Re8 21.
Nc5 Bxc5 22. dxc5 Rxe1 23. Qxe1 Qe8 24. Qxe8+ Bxe8 25. b4 Kf7 26. Nb3 Bd7 27.
Nd4 Kg6 28. f3 f5 29. g3 g4 30. h4 f4 31. fxg4 fxg3 32. Kg2 Bxg4 33. Kxg3 Kh5
34. Nc2 b6 35. cxb6 axb6 36. Ne1 Bf5 37. Ng2 Kg6 38. Kf4 Be4 39. Ne3 Kh5 40.
Kg3 Kg6 41. Ng4 c5 42. Ne5+ Kf5 43. Ng4 h5 44. Nh6+ Ke6 45. Kf4 Bc2 46. bxc5
bxc5 47. Ke3 Kf6 48. Kf4 d4 49. cxd4 cxd4 50. Ng8+ Kf7 51. Nh6+ Kg7 52. Ng8
Kxg8 53. a4 Bxa4 54. Ke4 Kg7 55. Kxd4 Kg6 56. Ke5 Bd1 57. Kf4 Kf6 58. Ke4 Bg4
59. Kf4 Bf5 60. Ke3 Ke5 61. Kf3 Bg4+ 62. Ke3 Kf5 63. Kf2 Kf4 64. Kg2 Bf5 0-1

[Event "Kieler Open 2015 Gruppe B"]
[Site "Kiel"]
[Date "2015.07.26"]
[Round "4.11"]
[White "Plichta, Reiner"]
[Black "Haye, Robert"]
[Result "0-1"]
[WhiteElo "1811"]
[BlackElo "1449"]
[PlyCount "116"]
[EventDate "2015.??.??"]
[WhiteTeam "Kiel"]
[BlackTeam "Kieler SG"]

1. d4 Nf6 2. c4 g6 3. Nf3 Bg7 4. g3 d6 5. Bg2 O-O 6. Nc3 c6 7. O-O Nbd7 8. b3
Qc7 9. Bb2 e5 10. e4 Ne8 11. Rc1 h6 12. Ba3 Qa5 13. Bb2 Nb6 14. h3 f5 15. exf5
Bxf5 16. dxe5 dxe5 17. Nh4 Nc7 18. Nxf5 gxf5 19. Qh5 Ne6 20. Nd1 Qxa2 21. Re1
Qa5 22. Ne3 Nd4 23. Bxd4 exd4 24. Ng4 Qd2 25. Rcd1 Qg5 26. Qxg5 hxg5 27. Ne5
Rfe8 28. Nd3 Nd7 29. Kf1 Kf8 30. f3 a5 31. Ra1 Re3 32. Rxe3 dxe3 33. Ra2 Bc3
34. Ke2 Bd2 35. f4 gxf4 36. gxf4 Kf7 37. Kf3 b5 38. Ke2 bxc4 39. bxc4 Ra6 40.
h4 a4 41. h5 c5 42. Bf3 a3 43. Bb7 Ra5 44. Bc8 Nb6 45. Bb7 Kg7 46. Ne5 Kh6 47.
Ra1 a2 48. Nf7+ Kxh5 49. Bf3+ Kg6 50. Ne5+ Kf6 51. Rg1 a1=Q 52. Rg6+ Ke7 53.
Rg7+ Kf6 54. Rg6+ Ke7 55. Rg7+ Kf8 56. Rf7+ Kg8 57. Rxf5 Qe1+ 58. Kd3 Ra3+ 0-1

[Event "Kieler Open 2015 Gruppe B"]
[Site "Kiel"]
[Date "2015.07.26"]
[Round "4.12"]
[White "Paolella, Finnley"]
[Black "Lehmkau, Steffen"]
[Result "1/2-1/2"]
[WhiteElo "1286"]
[BlackElo "1715"]
[PlyCount "39"]
[EventDate "2015.??.??"]
[WhiteTeam "Doppelbauer Kiel"]
[BlackTeam "Mülheim-Nord"]

1. e4 e5 2. Nf3 Nc6 3. Bc4 Bc5 4. c3 Nf6 5. d3 O-O 6. O-O d6 7. Bb3 h6 8. h3
Be6 9. Bc2 Bd7 10. Re1 Re8 11. Nbd2 a6 12. Nf1 Ne7 13. d4 exd4 14. cxd4 Bb4 15.
Bd2 Bxd2 16. Qxd2 Bc6 17. Ng3 Ng6 18. Re3 b5 19. Rae1 Qd7 20. b4 1/2-1/2

[Event "Kieler Open 2015 Gruppe B"]
[Site "Kiel"]
[Date "2015.07.26"]
[Round "4.13"]
[White "Pick, Max"]
[Black "Bahr, Arne"]
[Result "0-1"]
[WhiteElo "840"]
[BlackElo "1676"]
[PlyCount "55"]
[EventDate "2015.??.??"]
[WhiteTeam "Kerpen"]
[BlackTeam "SG Turm Kiel"]

1. Nf3 g6 2. d4 Bg7 3. e4 c6 4. Nc3 d5 5. exd5 cxd5 6. Bb5+ Nc6 7. Bf4 Nf6 8.
O-O O-O 9. Ne5 Qb6 10. Bxc6 bxc6 11. b3 Nh5 12. Be3 Qb4 13. Bd2 Qxd4 14. Nxc6
Qc5 15. Nxe7+ Qxe7 16. Nxd5 Qb7 17. Bb4 Be6 18. Bxf8 Kxf8 19. Ne3 Bxa1 20. Qxa1
Kg8 21. Rd1 Qe7 22. Re1 Qf6 23. Qd1 Rd8 24. Ng4 Qg5 25. Nh6+ Kg7 26. Qa1+ Kxh6
27. Re5 Qd2 28. Re1 0-1

[Event "Kieler Open 2015 Gruppe B"]
[Site "Kiel"]
[Date "2015.07.26"]
[Round "4.14"]
[White "Kaltschmidt, Andreas"]
[Black "Behrendt, Matthias"]
[Result "0-1"]
[WhiteElo "1535"]
[BlackElo "1501"]
[PlyCount "65"]
[EventDate "2015.??.??"]
[WhiteTeam "Weiden"]
[BlackTeam "Agon NMS"]

1. b4 e6 2. Bb2 Nf6 3. b5 Be7 4. e3 b6 5. Nf3 Bb7 6. Be2 c5 7. c4 O-O 8. O-O
Qc7 9. Be5 d6 10. Bb2 Nbd7 11. d3 Ng4 12. Nbd2 f5 13. h3 Nh6 14. Nh2 f4 15. Bg4
e5 16. Be6+ Kh8 17. Ng4 fxe3 18. Nxh6 exf2+ 19. Rxf2 gxh6 20. Ne4 Bxe4 21. dxe4
Bh4 22. Rxf8+ Nxf8 23. Bd5 Rd8 24. Qg4 Ng6 25. g3 Ne7 26. Bf7 Ng8 27. Be6 Nf6
28. Qe2 Qg7 29. Kh2 Qg6 30. Bf5 Qh5 31. Qxh5 Nxh5 32. Rd1 Ng7 33. Bxe5 0-1

[Event "Kieler Open 2015 Gruppe B"]
[Site "Kiel"]
[Date "2015.07.26"]
[Round "4.15"]
[White "Hartendauer, Frank"]
[Black "Borchert, Johann"]
[Result "1-0"]
[WhiteElo "1413"]
[BlackElo "1630"]
[PlyCount "103"]
[EventDate "2015.??.??"]
[WhiteTeam "Kieler SG"]
[BlackTeam "Heikendorfer SV"]

1. d4 d5 2. c4 dxc4 3. Nc3 e6 4. e4 Bb4 5. Bxc4 c6 6. Nf3 h6 7. O-O Ne7 8. a3
Ba5 9. b4 Bc7 10. Bb2 f6 11. Re1 a5 12. d5 e5 13. Qc2 b5 14. Be2 O-O 15. Red1
cxd5 16. Nxd5 Nxd5 17. Rxd5 Qe7 18. Bxb5 Be6 19. Rd2 axb4 20. a4 Ba5 21. Rdd1
Rc8 22. Qd3 Ra7 23. Rac1 Rac7 24. Rxc7 Bxc7 25. Bc4 Ba5 26. Bxe6+ Qxe6 27. Qb1
Rc5 28. Rc1 Rxc1+ 29. Bxc1 Qc6 30. Qb3+ Kh7 31. Bd2 Qxe4 32. Kf1 Nc6 33. Be3
Nd4 34. Bxd4 exd4 35. Nd2 Qf4 36. Qd3+ Kh8 37. Nf3 Bb6 38. Qb5 Qd6 39. a5 Ba7
40. Qe8+ Kh7 41. Qe4+ Kg8 42. Qa8+ Qb8 43. Qxb8+ Bxb8 44. Nxd4 Be5 45. Nb3 Bc7
46. a6 Bb6 47. Ke2 Kf7 48. Kd3 Ke6 49. Kc4 Bxf2 50. Nd4+ Kd7 51. a7 b3 52. a8=Q
1-0

[Event "Kieler Open 2015 Gruppe B"]
[Site "Kiel"]
[Date "2015.07.26"]
[Round "4.16"]
[White "Müller, Richard"]
[Black "Westphal-Stubbe, Siegbert"]
[Result "1/2-1/2"]
[WhiteElo "1317"]
[BlackElo "1822"]
[PlyCount "104"]
[EventDate "2015.??.??"]
[WhiteTeam "Nickelhütte Aue"]
[BlackTeam "SG Plöner See"]

1. e4 c5 2. Nf3 e6 3. Nc3 a6 4. d3 d6 5. Bf4 Nd7 6. Be2 b5 7. a3 Qc7 8. O-O Bb7
9. Qd2 Ngf6 10. Rfd1 Be7 11. h3 O-O 12. Bg3 Rfe8 13. Qe3 Qc6 14. Rab1 b4 15.
axb4 cxb4 16. Nd4 Qc8 17. Na2 a5 18. Nf3 Qc5 19. Qxc5 Nxc5 20. e5 dxe5 21. Nxe5
Nd5 22. d4 Ne4 23. Bf3 Nxg3 24. fxg3 Bd6 25. Re1 f6 26. Ng4 Bxg3 27. Nf2 Rab8
28. c4 Nc7 29. Bxb7 Rxb7 30. Re2 Rd8 31. Ne4 Bd6 32. b3 Be7 33. Rd1 f5 34. Ng3
g6 35. Red2 Bd6 36. Nf1 Ne8 37. Kh1 Nf6 38. c5 Bc7 39. Kg1 Ne4 40. Rc2 Rb5 41.
Rcc1 Bf4 42. Rc4 e5 43. c6 exd4 44. c7 Rc8 45. Rdxd4 Bd6 46. Nd2 Be7 47. Nxe4
fxe4 48. Rxe4 Kf8 49. g4 Rb7 50. Re5 Rcxc7 51. Rxc7 Rxc7 52. Rxa5 Rb7 1/2-1/2